000 00899nam a2200265 a 4500
005 20200104041534.0
008 140306b2001 ck ||||| |||| 00| 0 spa d
040 _aCO-BoIAVH
_cCO-BoIAVH
041 _aspa
044 _ack
082 _a333.783
_bP25p
110 1 _bColombia, Parques Nacionales Naturales
_bUnidad Administrativa Especial del Sistema de Parques Nacionales Naturales, UAESPNN
_964796
245 1 _aParques con la gente
260 _aBogotá
_bMinambiente
_bUAESPNN
_bGTZ
_bSINA
_c2001
300 _a146 paginas
650 1 6 _aAreas protegidas
_978
650 1 6 _aConservación
_964798
650 1 6 _aParticipación comunitaria
_964799
650 1 6 _aManejo de áreas protegidas
_964800
650 1 6 _aParques nacionales naturales
_964801
650 1 6 _aOrdenamiento ambiental del territorio
_94036
650 1 6 _aPolítica ambiental
_964802
662 _aColombia
942 _cLIBRO
_2ddc
999 _c2615
_d2615